Mi primer beso - Melendi - Estadísticas

Estadísticas generales
  • Esta prueba ha sido intentada 160 veces
  • La puntuación promedio es 300 de 355
Estadísticas de respuestas
Respuesta % Correcto
beso
100%
fue
100%
Mi
100%
mi
100%
primer
100%
y
100%
Y
100%
a
99%
que
99%
Que
99%
qué
99%
de
98%
el
98%
es
98%
Es
98%
Por
98%
por
98%
yo
98%
con
97%
lo
97%
Lo
97%
me
97%
no
97%
se
97%
si
97%
97%
la
96%
Más
96%
más
96%
16
95%
Ella
95%
Tenía
95%
pronto
94%
tarde
94%
tardé
94%
bien
93%
en
93%
le
92%
par
92%
tonto
92%
un
92%
al
91%
Al
91%
ese
91%
hacer
91%
para
91%
Pero
91%
pero
91%
Cuando
90%
cuando
90%
las
90%
los
90%
porque
90%
acercó
89%
bigotillo
89%
eso
89%
Eso
89%
María
89%
aún
88%
dije
88%
estaría
88%
mal
88%
Menos
88%
ni
88%
Ni
88%
pantalones
88%
su
88%
tengo
88%
virgen
88%
dolor
86%
mis
86%
añitos
85%
bolso
85%
dijo
85%
policía
85%
escondida
84%
lleva
84%
solo
84%
cariño
83%
empezaron
83%
Empezaron
83%
haces
83%
llega
83%
momento
83%
móvil
83%
nos
83%
otra
83%
tan
83%
todos
83%
acera
82%
chino
82%
conozco
82%
salida
82%
siquiera
82%
botones
81%
china
81%
contradictorio
81%
hay
81%
mear
81%
mismo
81%
restaurante
81%
tardó
81%
temblar
81%
arroz
80%
chaval
80%
decirle
80%
demonios
80%
donde
80%
imaginar
80%
meándote
80%
mil
80%
os
80%
podéis
80%
verdad
80%
Yolanda
80%
cartera
79%
entró
79%
espero
79%
portales
79%
pude
79%
sea
79%
segundos
79%
casa
78%
cinco
78%
clases
78%
frito
78%
fui
78%
llamé
78%
llegó
78%
paramos
78%
tu
78%
cien
77%
como
77%
dio
77%
jamás
77%
municipal
77%
preguntando
77%
ser
77%
Camino
76%
del
76%
hombría
76%
hubo
76%
teléfono
76%
algo
75%
disimulando
75%
guardar
75%
leyó
75%
placer
75%
despedida
74%
llamarla
74%
resultó
74%
tipo
74%
tridente
74%
vez
74%
desabrocharle
73%
primera
73%
quizás
73%
caliente
72%
enamorados
72%
ojos
72%
besar
71%
centellas
71%
fin
71%
he
71%
rayos
71%
salir
71%
cerrados
70%
diciéndome
70%
padre
70%
quedas
70%
tanto
70%
Bajos
69%
dolería
69%
Países
69%
pasa
69%
triste
68%
vida
68%
vuelto
68%
amor
67%
cabeza
66%
pasan
66%
una
66%
narices
65%
olor
65%
pensé
65%
tiempo
65%
viñeta
65%
volveré
65%
aquel
64%
empezó
64%
andadura
63%
así
63%
Exactamente
63%
niño
63%
único
63%
vimos
63%
antes
61%
babía
61%
consuelo
61%
duro
61%
flacucho
61%
haberte
61%
mucho
61%
siendo
61%
Sigo
61%
siguiente
61%
soy
61%
frente
60%
peor
60%
semana
60%
quiso
59%
refresco
59%
saludarme
59%
usarme
59%
nena
57%
agítame
56%
desolado
56%
descubrió
55%
tocao
55%
encima
53%
picaresco
53%
llegado
52%
Pues
52%
sospechoso
48%
mejorao
47%
Viviera
32%
No se encontraron pruebas coincidentes
Distribución de puntuación
Porcentaje de gente con cada puntuación
Porcentaje por número respondido
Historial de tus puntuaciones
No has intentado esta prueba.